000 00923nam a22002537a 4500
999 _c65288
_d65288
005 20240530110817.0
008 190626s2019 ua afk f b 000 0|ara d
017 _a20387
_bمصر. دار الكتب
020 _a9789773145156
040 _aEG-CaGPL
_cEG-CaGPL
082 0 4 _221
_a751.73/
_bم ن
100 0 _aمنى فؤاد على
245 1 2 _aالنقوش والرسوم الجدارية عبر العصور :
_bالتقنية والترميم /
_cمنى فؤاد على
250 _aط.1
260 _aالقاهرة :
_bمكتبة زهراء الشرق ،
_c2019.
300 _a311 ص. :
_bايض ؛
_c24 سم.
504 _aيشتمل على ارجاعات ببليوجرافية
650 0 7 _2qrmak
_aالجداريات
650 0 7 _2qrmak
_aاللوحات الفنية
650 0 7 _2qrmak
_aالصخور
_xفن
651 _2qrmak
942 _2ddc
_cBK